000 00600nam a2200229 i 4500
001 C2-0304456
003 PPAK
005 20180728085532.0
008 100524s1959 -hk |||| ||||| | eng d
040 _aPPAK
_beng
_cPPAK
_erda
082 0 4 _a895.1
_223
090 0 0 _a895.1
_bSUY
_dKIH
100 1 _aSu, Y. H.,
_eauthor
245 1 0 _aLiterature in china
264 1 _aHong Kong :
_bChina Viewpoints ,
_c1959
300 _a101 pages ;
_c18 cm
336 _2rdacontent
_atext
337 _2rdamedia
_aunmediated
338 _2rdacarrier
_avolume
650 1 0 _aLiterature - china
942 _ddc
_cB
999 _c107590
_d107590